| 000 | 00678nam a22002417a 4500 | ||
|---|---|---|---|
| 001 | 23060 | ||
| 003 | UA-OsUOA | ||
| 005 | 20250513105310.0 | ||
| 007 | ta | ||
| 008 | 20040113b un ||||| |||| 00| 0 ukr d | ||
| 040 |
_aUA-OsUOA _brus _cUA-OsUOA _dUA-OsUOA |
||
| 041 | _arus | ||
| 044 | _aRU | ||
| 080 | _a295.4 | ||
| 090 |
_a295.4 _bО-44 |
||
| 100 |
_aОдуев С. Ф. _920359 |
||
| 245 |
_aТропами Заратустры. Влияние ницшеанства на немецкую буржуазную философию _cС. Ф. Одуев |
||
| 260 |
_aМосква _bМысль _c1976 |
||
| 300 | _a431 с. | ||
| 650 | 7 | _2UDC | |
| 942 |
_cBK _2udc |
||
| 955 | _a0 | ||
| 999 |
_c309299 _d309299 |
||